Sports Quiz

Random Sports or NBA Quiz

Minnesota Timberwolves All-Time Leaders Quiz Stats

 Plays Quiz Updated Apr 16, 2018

Score 0/50 Timer 08:00
1 Play Today
Statistic Player % Correct
PointsKevin Garnett
97.4%
ReboundsKevin Garnett
97.3%
AssistsKevin Garnett
97.3%
BlocksKevin Garnett
97.3%
StealsKevin Garnett
97.3%
BlocksKarl-Anthony Towns
86.6%
ReboundsKevin Love
81.1%
PointsKevin Love
79.4%
PointsAndrew Wiggins
54.5%
StealsRicky Rubio
48.2%
AssistsRicky Rubio
47.3%
AssistsStephon Marbury
46.9%
AssistsTerrell Brandon
45.6%
ReboundsKarl-Anthony Towns
45.4%
StealsCorey Brewer
43.4%
PointsKarl-Anthony Towns
42.5%
PointsWally Szczerbiak
42.4%
ReboundsWally Szczerbiak
42.4%
AssistsWally Szczerbiak
42.4%
ReboundsGorgui Dieng
35.5%
ReboundsAl Jefferson
33.6%
BlocksAl Jefferson
33.6%
AssistsMicheal Williams
32.9%
BlocksJoe Smith
32.5%
PointsChristian Laettner
29.8%
Statistic Player % Correct
ReboundsChristian Laettner
28.6%
BlocksChristian Laettner
28.6%
ReboundsNikola Pekovic
28.5%
ReboundsTom Gugliotta
27.5%
StealsTom Gugliotta
27.5%
StealsTerrell Brandon
27.5%
PointsSam Mitchell
25.5%
ReboundsSam Mitchell
25.5%
BlocksSam Mitchell
25.5%
StealsSam Mitchell
25.5%
AssistsPooh Richardson
25.3%
PointsIsaiah Rider
24%
StealsAndrew Wiggins
21.6%
StealsPooh Richardson
20%
PointsDoug West
19.8%
AssistsDoug West
19.8%
StealsDoug West
19.8%
BlocksGorgui Dieng
17%
BlocksRasho Nesterovic
16.2%
PointsTony Campbell
15.3%
AssistsAnthony Peeler
13.8%
StealsGorgui Dieng
9.4%
AssistsTerry Porter
9.2%
BlocksFelton Spencer
6.8%
BlocksEddie Griffin
5.9%

You're not logged in!

Compare scores with friends on all Sporcle quizzes.
OR
Log In

Sporcle TV

Today on Sporcle TV


Watch our educational content, quiz creation guides, and fun videos on Sporcle TV.

Show Comments

Extras

Top Quizzes Today


Score Distribution

Your Account Isn't Verified!

In order to create a playlist on Sporcle, you need to verify the email address you used during registration. Go to your Sporcle Settings to finish the process.

Report this User

Report this user for behavior that violates our Community Guidelines.

Details: